<?xml version="1.0" encoding="UTF-8"?><?xml-stylesheet type="text/xsl" href="static/style.xsl"?><OAI-PMH xmlns="http://www.openarchives.org/OAI/2.0/" xmlns:xsi="http://www.w3.org/2001/XMLSchema-instance" xsi:schemaLocation="http://www.openarchives.org/OAI/2.0/ http://www.openarchives.org/OAI/2.0/OAI-PMH.xsd"><responseDate>2026-04-17T02:37:05Z</responseDate><request verb="GetRecord" identifier="oai:www.recercat.cat:10256/20807" metadataPrefix="marc">https://recercat.cat/oai/request</request><GetRecord><record><header><identifier>oai:recercat.cat:10256/20807</identifier><datestamp>2024-06-18T11:51:28Z</datestamp><setSpec>com_2072_452955</setSpec><setSpec>com_2072_2054</setSpec><setSpec>col_2072_453063</setSpec></header><metadata><record xmlns="http://www.loc.gov/MARC21/slim" xmlns:dcterms="http://purl.org/dc/terms/" xmlns:xsi="http://www.w3.org/2001/XMLSchema-instance" xmlns:doc="http://www.lyncode.com/xoai" xsi:schemaLocation="http://www.loc.gov/MARC21/slim http://www.loc.gov/standards/marcxml/schema/MARC21slim.xsd">
   <leader>00925njm 22002777a 4500</leader>
   <datafield ind2=" " ind1=" " tag="042">
      <subfield code="a">dc</subfield>
   </datafield>
   <datafield ind2=" " ind1=" " tag="720">
      <subfield code="a">Jahani, Babak</subfield>
      <subfield code="e">author</subfield>
   </datafield>
   <datafield ind2=" " ind1=" " tag="720">
      <subfield code="a">Andersen, Hendrik</subfield>
      <subfield code="e">author</subfield>
   </datafield>
   <datafield ind2=" " ind1=" " tag="720">
      <subfield code="a">Calbó Angrill, Josep</subfield>
      <subfield code="e">author</subfield>
   </datafield>
   <datafield ind2=" " ind1=" " tag="720">
      <subfield code="a">González Gutiérrez, Josep Abel</subfield>
      <subfield code="e">author</subfield>
   </datafield>
   <datafield ind2=" " ind1=" " tag="720">
      <subfield code="a">Cermak, Jan</subfield>
      <subfield code="e">author</subfield>
   </datafield>
   <datafield ind2=" " ind1=" " tag="260">
      <subfield code="c">2022-01-31</subfield>
   </datafield>
   <datafield ind2=" " ind1=" " tag="520">
      <subfield code="a">This study presents an approach for the quantification of cloud–aerosol transition-zone broadband&#xd;
longwave radiative effects at the top of the atmosphere (TOA) during daytime over the ocean, based on satellite&#xd;
observations and radiative transfer simulation. Specifically, we used several products from MODIS (MODerate&#xd;
Resolution Imaging Spectroradiometer) and CERES (Clouds and the Earth’s Radiant Energy System) sensors&#xd;
for the identification and selection of CERES footprints with a horizontally homogeneous transition-zone and&#xd;
clear-sky conditions. For the selected transition-zone footprints, radiative effect was calculated as the difference&#xd;
between the instantaneous CERES TOA upwelling broadband longwave radiance observations and corresponding clear-sky radiance simulations. The clear-sky radiances were simulated using the Santa Barbara DISORT&#xd;
(DIScrete Ordinates Radiative Transfer program for a multi-Layered plane-parallel medium) Atmospheric Radiative Transfer model fed by the hourly ERA5 reanalysis (fifth generation ECMWF ReAnalysis) atmospheric&#xd;
and surface data. The CERES radiance observations corresponding to the clear-sky footprints detected were also&#xd;
used for validating the simulated clear-sky radiances. We tested this approach using the radiative measurements&#xd;
made by the MODIS and CERES instruments on board the Aqua platform over the southeastern Atlantic Ocean&#xd;
during August 2010. For the studied period and domain, transition-zone radiative effect (given in flux units) is&#xd;
on average equal to 8.0 ± 3.7 W m−2&#xd;
(heating effect; median: 5.4 W m−2&#xd;
), although cases with radiative effects&#xd;
as large as 50 W m−2 were found</subfield>
   </datafield>
   <datafield ind2=" " ind1=" " tag="520">
      <subfield code="a">This research has been supported by the Ministerio de Ciencia e Innovación (grant no. PID2019-105901RB-I00) and the Generalitat de Catalunya (grant no. 2018FI_B_00830).</subfield>
   </datafield>
   <datafield ind1="8" ind2=" " tag="024">
      <subfield code="a">http://hdl.handle.net/10256/20807</subfield>
   </datafield>
   <datafield tag="653" ind2=" " ind1=" ">
      <subfield code="a">Radiació -- Mesurament</subfield>
   </datafield>
   <datafield tag="653" ind2=" " ind1=" ">
      <subfield code="a">Radiation -- Measurement</subfield>
   </datafield>
   <datafield tag="653" ind2=" " ind1=" ">
      <subfield code="a">Radiació atmosfèrica</subfield>
   </datafield>
   <datafield tag="653" ind2=" " ind1=" ">
      <subfield code="a">Atmospheric radiation</subfield>
   </datafield>
   <datafield ind2="0" ind1="0" tag="245">
      <subfield code="a">Longwave radiative effect of the cloud–aerosol transition zone based on CERES observations</subfield>
   </datafield>
</record></metadata></record></GetRecord></OAI-PMH>